[Event "COL-ch sf "]
[Site "Medellin"]
[Date "2010.06.07"]
[Round "5"]
[White "Torres Rodriguez, Juan Camilo"]
[Black "Rios, Cristhian Camilo"]
[Result "0-1"]
[WhiteElo "2172"]
[BlackElo "2267"]
[PlyCount "68"]
[EventDate "2010.06.05"]
[EventType "swiss"]
[EventRounds "11"]
[EventCountry "COL"]
[SourceTitle "CBM 136 Extra"]
[Source "ChessBase"]
[SourceDate "2010.07.02"]
[SourceVersion "2"]
[SourceVersionDate "2010.07.15"]
[SourceQuality "1"]

1. d4 Nf6 2. Nf3 g6 3. c4 Bg7 4. Nc3 0-0 5. g3 d6 6. h3 Bd7 7. e4 c5 8. dxc5 dxc5 9. e5 Bc6 10. Qxd8 Rxd8 11. Bg2 Nfd7 12. e6 Ne5 13. Nxe5 Bxg2 14. exf7+ Kf8 15. Rh2 Bxe5 16. Rxg2 Bxc3+ 17. bxc3 Nc6 18. Be3 b6 19. Rd1 Ne5 20. h4 Nxc4 21. Bc1 Kxf7 22. f4 Rd6 23. h5 Rad8 24. Rxd6 Nxd6 25. hxg6+ hxg6 26. Kd2 Ne4+ 27. Kc2 c4 28. Be3 Rd3 29. Bd4 Nxg3 30. Rh2 Nf5 31. Be5 Ke6 32. Rh8 g5 33. Bb8 Ne3+ 34. Kb2 gxf4 0-1

[Event "COL-ch sf "]
[Site "Medellin"]
[Date "2010.06.06"]
[Round "3"]
[White "Torres Rodriguez, Juan Camilo"]
[Black "Mendoza, Rafael Enrique"]
[Result "1/2-1/2"]
[WhiteElo "2172"]
[BlackElo "2334"]
[PlyCount "38"]
[EventDate "2010.06.05"]
[EventType "swiss"]
[EventRounds "11"]
[EventCountry "COL"]
[SourceTitle "CBM 136 Extra"]
[Source "ChessBase"]
[SourceDate "2010.07.02"]
[SourceVersion "2"]
[SourceVersionDate "2010.07.15"]
[SourceQuality "1"]

1. d4 Nf6 2. Nf3 g6 3. c4 Bg7 4. Nc3 d5 5. Bf4 c6 6. e3 0-0 7. Rc1 dxc4 8. Bxc4 Bg4 9. h3 Bxf3 10. Qxf3 Nbd7 11. 0-0 Qa5 12. Bb3 e5 13. dxe5 Nxe5 14. Qe2 Rad8 15. Rfd1 Rfe8 16. Rxd8 Qxd8 17. Rd1 Qe7 18. Bxe5 Qxe5 19. Qc4 Qe7 1/2-1/2

[Event "COL-ch sf "]
[Site "Medellin"]
[Date "2010.06.06"]
[Round "2"]
[White "Torres Rodriguez, Juan Camilo"]
[Black "Vittorino, Carlo Giovanni"]
[Result "1-0"]
[WhiteElo "2172"]
[BlackElo "2342"]
[PlyCount "99"]
[EventDate "2010.06.05"]
[EventType "swiss"]
[EventRounds "11"]
[EventCountry "COL"]
[SourceTitle "CBM 136 Extra"]
[Source "ChessBase"]
[SourceDate "2010.07.02"]
[SourceVersion "2"]
[SourceVersionDate "2010.07.15"]
[SourceQuality "1"]

1. d4 Nf6 2. Nf3 c5 3. e3 e6 4. Bd3 Nc6 5. 0-0 Be7 6. b3 b6 7. Bb2 0-0 8. Nbd2 Bb7 9. a3 Re8 10. c4 cxd4 11. exd4 d5 12. Qe2 Bf8 13. Rfd1 g6 14. Rac1 Bg7 15. c5 Nh5 16. g3 bxc5 17. Rxc5 Qd6 18. Rdc1 Rec8 19. b4 Ne7 20. Nb3 Bh6 21. R1c2 Bc6 22. Ba6 Rcb8 23. Na5 Ba4 24. R2c3 Nf6 25. Bc1 Bxc1 26. Rxc1 Rb6 27. Bd3 Nc6 28. Nxc6 Rxc6 29. Ne5 Rxc5 30. dxc5 Qc7 31. c6 d4 32. Ba6 Rd8 33. Nd3 Nd5 34. Rc5 Qb6 35. Bb7 Bb5 36. Qf3 Bxd3 37. Qxd3 Nc7 38. h4 h5 39. g4 hxg4 40. Rg5 Rd5 41. Rxg4 Kg7 42. h5 Qb5 43. Qxb5 Nxb5 44. c7 Nxc7 45. Bxd5 Nxd5 46. Rxd4 gxh5 47. b5 Kf6 48. Ra4 Nc7 49. Rxa7 Nxb5 50. Ra5 1-0

[Event "Pan American-ch U20"]
[Site "Cali"]
[Date "2010.05.25"]
[Round "8"]
[White "Carlo, Daniel"]
[Black "Torres Rodriguez, Juan Camilo"]
[Result "0-1"]
[WhiteElo "2044"]
[BlackElo "2205"]
[PlyCount "70"]
[EventDate "2010.05.20"]
[EventType "swiss"]
[EventRounds "9"]
[EventCountry "COL"]
[SourceTitle "CBM 136 Extra"]
[Source "ChessBase"]
[SourceDate "2010.07.02"]
[SourceVersion "2"]
[SourceVersionDate "2010.07.15"]
[SourceQuality "1"]

1. e4 c5 2. Nf3 e6 3. d3 Nc6 4. g3 g6 5. Bg2 Bg7 6. 0-0 Nge7 7. Re1 d6 8. c3 e5 9. Be3 0-0 10. Nbd2 h6 11. Nf1 f5 12. Qc1 Kh7 13. h4 Be6 14. h5 Qd7 15. hxg6+ Nxg6 16. exf5 Bxf5 17. Qd2 Rae8 18. N3h2 b6 19. Qe2 Nf4 20. gxf4 exf4 21. Ng3 fxg3 22. fxg3 Ne5 23. Rad1 Ng4 24. Qd2 Nxe3 25. Rxe3 Rxe3 26. Qxe3 Qa4 27. Rf1 Re8 28. Qd2 Bg6 29. Nf3 Qg4 30. Kh2 Bf6 31. Rf2 Kg7 32. Bh3 Qh5 33. c4 Bf5 34. g4 Bxg4 35. Rg2 Qxh3+ 0-1

[Event "Pan American-ch U20"]
[Site "Cali"]
[Date "2010.05.23"]
[Round "6"]
[White "Ceron, Edgar Ivan"]
[Black "Torres Rodriguez, Juan Camilo"]
[Result "1-0"]
[WhiteElo "2019"]
[BlackElo "2205"]
[PlyCount "119"]
[EventDate "2010.05.20"]
[EventType "swiss"]
[EventRounds "9"]
[EventCountry "COL"]
[SourceTitle "CBM 136 Extra"]
[Source "ChessBase"]
[SourceDate "2010.07.02"]
[SourceVersion "2"]
[SourceVersionDate "2010.07.15"]
[SourceQuality "1"]

1. d4 d5 2. c4 c6 3. g3 Nf6 4. Bg2 Bf5 5. Nf3 h6 6. 0-0 e6 7. Nbd2 Nbd7 8. b3 Be7 9. Bb2 0-0 10. Ne5 Qa5 11. Nxd7 Nxd7 12. e4 dxe4 13. Nxe4 Nf6 14. Qe2 Nxe4 15. Bxe4 Bxe4 16. Qxe4 Bf6 17. Rfd1 Rad8 18. Rd3 Rd7 19. Rf3 Rfd8 20. Bc3 Qa6 21. Rxf6 gxf6 22. Qg4+ Kh7 23. Qh4 Rg8 24. Qxf6 Qb6 25. h4 Rg6 26. Qf3 Qd8 27. h5 Rg5 28. Re1 Kg8 29. d5 Rf5 30. Qg4+ Qg5 31. Qd4 e5 32. Qxa7 cxd5 33. cxd5 Kh7 34. Qa4 Rc7 35. Re3 Qxh5 36. Qe4 Qg6 37. d6 Rd7 38. Bxe5 Rh5 39. a4 Qxe4 40. Rxe4 Kg6 41. b4 f6 42. Bf4 Rd5 43. Rc4 Kf5 44. Rc7 Ke6 45. Rc4 h5 46. Kg2 Rd1 47. a5 Rb1 48. Kf3 Kd5 49. Rc5+ Ke6 50. b5 Rb3+ 51. Kg2 Ra3 52. b6 Rd8 53. Rxh5 f5 54. Rh6+ Kd7 55. Rh7+ Kc6 56. Rc7+ Kb5 57. Bg5 Rxd6 58. Be7 Rad3 59. Bxd6 Rxd6 60. Rxb7 1-0

[Event "Pan American-ch U20"]
[Site "Cali"]
[Date "2010.05.22"]
[Round "4"]
[White "Barros, Raul Junior"]
[Black "Torres Rodriguez, Juan Camilo"]
[Result "1-0"]
[WhiteElo "2076"]
[BlackElo "2205"]
[PlyCount "61"]
[EventDate "2010.05.20"]
[EventType "swiss"]
[EventRounds "9"]
[EventCountry "COL"]
[SourceTitle "CBM 136 Extra"]
[Source "ChessBase"]
[SourceDate "2010.07.02"]
[SourceVersion "2"]
[SourceVersionDate "2010.07.15"]
[SourceQuality "1"]

1. e4 c5 2. Nf3 e6 3. d4 cxd4 4. Nxd4 a6 5. Nc3 Qc7 6. Bd3 Nf6 7. 0-0 d6 8. Be3 g6 9. h3 Bg7 10. f4 0-0 11. Qe2 Nbd7 12. a4 b6 13. Rae1 Bb7 14. f5 gxf5 15. Bf2 d5 16. exd5 Nxd5 17. Nxe6 Nxc3 18. Nxc7 Nxe2+ 19. Rxe2 Rac8 20. Nxa6 Bxb2 21. Nb4 Nc5 22. Bxf5 Ra8 23. Nd3 Nxa4 24. Nxb2 Nxb2 25. Re7 Bd5 26. Bd4 Nc4 27. Rf4 Rfe8 28. Rd7 Red8 29. Rg4+ Kf8 30. Bg7+ Ke8 31. Bf6 1-0

[Event "COL-ch U20"]
[Site "Bogota"]
[Date "2010.04.17"]
[Round "5"]
[White "Becerra, Juan David"]
[Black "Torres Rodriguez, Juan Camilo"]
[Result "1-0"]
[WhiteElo "2234"]
[BlackElo "2205"]
[PlyCount "69"]
[EventDate "2010.04.15"]
[EventType "swiss"]
[EventRounds "7"]
[EventCountry "COL"]
[SourceTitle "CBM 135 Extra"]
[Source "ChessBase"]
[SourceDate "2010.05.04"]
[SourceVersion "1"]
[SourceVersionDate "2010.05.04"]
[SourceQuality "1"]

1. e4 c5 2. Nf3 e6 3. d4 cxd4 4. Nxd4 a6 5. Nc3 Qc7 6. f4 Nc6 7. Nb3 b5 8. Bd3 Bb7 9. Bd2 Nge7 10. 0-0 Nc8 11. Kh1 Nb6 12. a4 b4 13. a5 bxc3 14. axb6 Qxb6 15. Bxc3 Nb4 16. f5 Nc6 17. Qh5 Qc7 18. Na5 e5 19. Bc4 d6 20. Qxf7+ Qxf7 21. Bxf7+ Kxf7 22. Nxb7 Be7 23. Rfd1 Nd4 24. Bxd4 exd4 25. Rxd4 Rhb8 26. Nxd6+ Bxd6 27. Rxd6 Rxb2 28. Rc6 a5 29. h3 a4 30. Ra3 Rb4 31. e5 Ra5 32. Rc7+ Kf8 33. Rd3 Rb8 34. Rdd7 a3 35. Rf7+ 1-0

[Event "Manizales op 22nd"]
[Site "Manizales"]
[Date "2010.01.08"]
[Round "3"]
[White "Torres Rodriguez, Juan Camilo"]
[Black "Ramirez, Jorge Alonso"]
[Result "1/2-1/2"]
[WhiteElo "2207"]
[BlackElo "2014"]
[PlyCount "72"]
[EventDate "2010.01.07"]
[EventType "swiss"]
[EventRounds "5"]
[EventCountry "COL"]
[SourceTitle "CBM 134 Extra"]
[Source "ChessBase"]
[SourceDate "2010.03.03"]
[SourceVersion "1"]
[SourceVersionDate "2010.03.03"]
[SourceQuality "1"]

1. e4 e5 2. Nf3 Nf6 3. Nxe5 d6 4. Nf3 Nxe4 5. d4 d5 6. Bd3 Nc6 7. 0-0 Be7 8. c4 Nb4 9. Be2 Bf5 10. a3 Nc6 11. Nc3 Nxc3 12. bxc3 0-0 13. Bf4 dxc4 14. Bxc4 Bd6 15. Bg5 Be7 16. Bxe7 Qxe7 17. Re1 Qf6 18. Ne5 Nxe5 19. Rxe5 Rfe8 20. Rxe8+ Rxe8 21. Qa4 Ra8 22. Re1 g6 23. Qb4 Qb6 24. Re7 Be6 25. d5 Bf5 26. Qxb6 axb6 27. Rxc7 Rxa3 28. g4 Bxg4 29. d6 Ra1+ 30. Kg2 Rd1 31. Rxf7 Kh8 32. Rf8+ Kg7 33. Rf7+ Kh8 34. Kg3 Bf5 35. Rxb7 Rxd6 36. Be2 Rc6 1/2-1/2